Siete cuentos colombianos / (Registro nro. 3467)
[ vista simple ]
| 000 -LEADER | |
|---|---|
| fixed length control field | 01000nam a2200265Ia 4500 |
| 003 - CONTROL NUMBER IDENTIFIER | |
| control field | OSt |
| 005 - DATE AND TIME OF LATEST TRANSACTION | |
| control field | 20250729151326.0 |
| 008 - FIXED-LENGTH DATA ELEMENTS--GENERAL INFORMATION | |
| fixed length control field | 191128s1967 ck gr 000 f spa d |
| 040 ## - CATALOGING SOURCE | |
| Original cataloging agency | CO-JMCR |
| Transcribing agency | CO-JMCR |
| 041 ## - LANGUAGE CODE | |
| Language code of text/sound track or separate title | spa |
| 082 04 - DEWEY DECIMAL CLASSIFICATION NUMBER | |
| Classification number | A-C |
| Item number | CARs |
| 100 1# - MAIN ENTRY--PERSONAL NAME | |
| Personal name | Carrasquilla, Tomás, |
| Dates associated with a name | 1858-1940 |
| Relator term | autor |
| 9 (RLIN) | 9721 |
| 245 #0 - TITLE STATEMENT | |
| Title | Siete cuentos colombianos / |
| 245 10 - TITLE STATEMENT | |
| Statement of responsibility, etc. | Tomás Carrasquilla, Efe Gómez, Jesús del Corral, Tulio González, Jesús Zárate Moreno |
| Remainder of title | autor |
| 260 ## - PUBLICATION, DISTRIBUTION, ETC. | |
| Place of publication, distribution, etc. | Bogotá : |
| Name of publisher, distributor, etc. | Ediciones sol y luna, |
| Date of publication, distribution, etc. | 1967 |
| 300 ## - PHYSICAL DESCRIPTION | |
| Extent | 219 páginas ; |
| Dimensions | 17 cm. |
| 490 0# - SERIES STATEMENT | |
| Series statement | Cuentos ; 13 |
| 505 ## - FORMATTED CONTENTS NOTE | |
| Formatted contents note | El superhombre -- Que pase el aserrador -- La tragedia del minero -- El ultimo arriero -- La cabra de nubia -- Inocencia |
| 650 14 - SUBJECT ADDED ENTRY--TOPICAL TERM | |
| Topical term or geographic name entry element | Poesía colombiana |
| 9 (RLIN) | 9722 |
| 700 ## - ADDED ENTRY--PERSONAL NAME | |
| Personal name | Gómez, Efe, |
| Dates associated with a name | 1873-1938, |
| Relator term | autor |
| 9 (RLIN) | 9723 |
| 700 ## - ADDED ENTRY--PERSONAL NAME | |
| Personal name | Corral, Jesús del, |
| Relator term | autor |
| 9 (RLIN) | 9724 |
| 700 ## - ADDED ENTRY--PERSONAL NAME | |
| Personal name | González, Tulio, |
| Relator term | autor |
| 9 (RLIN) | 9725 |
| 700 ## - ADDED ENTRY--PERSONAL NAME | |
| Personal name | Zárate Moreno, Jesús, |
| Dates associated with a name | 1915-1967 |
| Relator term | autor |
| 9 (RLIN) | 9726 |
| 942 ## - ADDED ENTRY ELEMENTS (KOHA) | |
| Source of classification or shelving scheme | Dewey Decimal Classification |
| Koha item type | Books |
| Withdrawn status | Lost status | Source of classification or shelving scheme | Damaged status | Not for loan | Collection code | Home library | Current library | Date acquired | Source of acquisition | Total Checkouts | Full call number | Barcode | Date last seen | Date last checked out | Copy number | Koha item type |
|---|---|---|---|---|---|---|---|---|---|---|---|---|---|---|---|---|
| Dewey Decimal Classification | Fiction | Biblioteca Pública José María del Castillo y Rada | Biblioteca Pública José María del Castillo y Rada | 11/28/2019 | Donación | 2 | A-C CARs | 201807319 | 07/24/2025 | 07/23/2025 | Ej.1 | Books |